Responses for Show #4286 - Monday, March 31, 2003

Contestants

[<< previous game]

Jay Stang, a United States Marine from San Diego, California

Brian Johnston, a prosecuting attorney originally from Dalton, Georgia

Carolyn Goolsby, a writer from Columbia, South Carolina (whose 1-day cash winnings total $13,599)

[next game >>]

Jeopardy! Round responses

EUROPEAN CITIES
TV CATCHPHRASES
(Alex: You have to identify the show, of course.)
PINS
EAT YOUR VEGGIES!
YOU CAN QUOTE ME
BEGINS & ENDS IN "N"
(Alex: Each correct response will begin with the letter N and end with the letter N.)
    $200 21
Greece

Jay
    $200 6
The Flintstones

Carolyn
    $200 1
clothespin

Carolyn
    $200 11
tomato

Carolyn
    $200 16
Sally Field

Carolyn
    $200 26
nightgown

Jay
    $400 22
Dublin

Carolyn
    $400 7
Rowan & Martin's Laugh-In

Carolyn
    $400 2
dentists

Brian
    $400 12
peppers

Brian
    $400 17
Napoleon

Carolyn
    $400 27
noun

Carolyn
    $600 23
The Hague

Brian
    $600 8
South Park

Jay
    $600 3
line/rope

Carolyn
    $600 13
Russet

Jay
    $600 18
Winston Churchill

Brian
    $600 28
Neutron

Jay
    $800 24
Lillehammer

Jay
    $800 9
Howdy Doody

Jay
    $800 4
firing pin

Jay
    $800 14
eggplant

Jay
    $800 19
Robert Schuller

Carolyn
    $800 29
nickelodeon

Brian
    $600 25
Barcelona

Jay
    $1000 10
Monty Python's Flying Circus

Carolyn
    $1000 5
cotter pin

Carolyn
    $1000 15
lima bean

Carolyn
    $1000 20
Isaac Asimov

Jay
    $1000 30
naturalization

Jay

Scores at the first commercial break (after clue 15):

Carolyn Brian Jay
$4,600 $800 $3,600

Scores at the end of the Jeopardy! Round:

Carolyn Brian Jay
$6,800 $2,800 $8,000

Double Jeopardy! Round responses

"R"ITERS
MEN IN SONG
SHOP TALK
UNUSUAL TRANSPORTATION
MEDICAL ABBREV.
(Alex: Things or words that come...)
FROM THE ITALIAN
    $400 1
Philip Roth

Triple Stumper
    $400 2
"Rocket Man"

Carolyn
    $400 7
(women's) hats

Carolyn
    $400 12
stilts

Brian
    $400 17
heart rate

Jay
    $400 22
incognito

Jay
    $800 27
(Brian: Who is Tom Stoppard?)
(Carolyn: Who is McMurtry?)

Tom Robbins

CarolynBrian
Triple Stumper
    $800 3
"Missionary Man"

Brian
    $800 8
escalators

Carolyn
    $800 13
burros

Carolyn
    $800 18
post-mortem

Jay
    $800 23
confetti

Brian
    $1200 28
Francois Rabelais

Brian
    $1200 4
An Englishman

Brian
    $1200 9
shopping/grocery cart

Carolyn
    $1200 14
hydroplane/hydrofoil

Brian
    $1200 19
intrauterine device

Jay
    $1200 24
cameos

Jay
    $1600 29
Ann Rule

Triple Stumper
    $1600 5
"Hoochie Koochie Man"

Triple Stumper
    $1600 10
alcohol/liquor

Jay
    $3,000 15
icebreakers

Brian
    $1,000 20
sublingual

Jay
    $1600 25
bordello

Carolyn
    $2000 30
Arthur Rimbaud

Triple Stumper
    $2000 6
"A Man Without Love"

Triple Stumper
    $2000 11
bodega

Carolyn
    $2000 16
a jet pack

Jay
    $2000 21
fasting blood sugar

Carolyn
    $2000 26
piano

Carolyn

Scores at the end of the Double Jeopardy! Round:

Carolyn Brian Jay
$17,200 $10,600 $16,600

[wagering suggestions for these scores]

Final Jeopardy! Round responses

ANCIENT EGYPTIAN CUSTOMS
[Sofia's outtakes of the clue at the Johnson Space Center are shown during the closing credits.]
BrianWhat is a beetle
$6,001
JayWhat is a scarab
$7,000
CarolynWhat was a scarab?
$6,001
a scarab beetle

Final scores:

Carolyn Brian Jay
$23,201 $16,601 $23,600
2nd place: $2,000 3rd place: $1,000 New champion: $23,600

Game dynamics:

Coryat scores:

Carolyn Brian Jay
$17,200 $9,200 $17,600
22 R,
1 W
12 R
(including 1 DD),
1 W
20 R
(including 2 DDs),
0 W

Combined Coryat: $44,000

[game clues] [game scores] [suggest correction]

Game tape date: 2002-12-10
The J! Archive is created by fans, for fans. Scraping, republication, monetization, and malicious use prohibited; this site may use cookies and collect identifying information. See terms. The Jeopardy! game show and all elements thereof, including but not limited to copyright and trademark thereto, are the property of Jeopardy Productions, Inc. and are protected under law. This website is not affiliated with, sponsored by, or operated by Jeopardy Productions, Inc. Join the discussion at JBoard.tv.